Amnesty international report, 1978 (Record no. 476094)

000 -LEADER
fixed length control field 00391cam a22001337a 4500
008 - FIXED-LENGTH DATA ELEMENTS--GENERAL INFORMATION
fixed length control field 180718b1979 xxu||||| |||| 00| 0 eng d
082 ## - DEWEY DECIMAL CLASSIFICATION NUMBER
Classification number C41 Am65
100 ## - MAIN ENTRY--PERSONAL NAME
Personal name Amnesty International, London
245 ## - TITLE STATEMENT
Title Amnesty international report, 1978
Statement of responsibility, etc. Amnesty International, London
260 ## - PUBLICATION, DISTRIBUTION, ETC.
Place of publication, distribution, etc. London
Name of publisher, distributor, etc. The Institution
Date of publication, distribution, etc. 1979
300 ## - PHYSICAL DESCRIPTION
Extent 320p.
650 ## - SUBJECT ADDED ENTRY--TOPICAL TERM
Topical term or geographic name entry element Human Rights
650 ## - SUBJECT ADDED ENTRY--TOPICAL TERM
Topical term or geographic name entry element Civil Liberties
Holdings
Withdrawn status Lost status Damaged status Not for loan Permanent Location Current Location Date acquired Full call number Barcode Date last seen Price effective from Koha item type
        Indian Institute of Public Administration Indian Institute of Public Administration 2018-08-04 C41 Am65 GR12591 2018-08-04 2018-08-04 GR

Powered by Koha